Pendidikan anak-anak dalam Islam

Bibliographic Details
Main Authors: علوان، عبد الله ناصح (Author), Syed Ahmad Semait (Author)
Format: Book
Published: Singapura : Pustaka Nasional , 1988
Subjects:

MARC

LEADER 00000cam a2200000 7i4500
001 0000005900
005 20160301093000.0
020 |a 9971772388 
090 0 0 |a BP44   |b . U4812 
100 0 |a علوان، عبد الله ناصح ,   |e author 
245 1 0 |a Pendidikan anak-anak dalam Islam   |c `Abd Allah Nasih `Ulwan   |f alihbahasa Syed Ahmad Semait 
260 2 |a Singapura :   |b Pustaka Nasional ,   |c 1988 
300 |a xii, 612 p. ;   |c 23 cm. 
500 |a Translation of: Tarbiyat al-awlad fi al-Islam 
650 0 |a Islamic religious education of children 
700 0 |a Syed Ahmad Semait ,   |e author 
999 |a 1000082242   |b Book   |c OPEN SHELF (30 DAYS)   |e Gong Badak Campus